Nếp sống cổ truyền người Chăm Huyện Văn Canh Tỉnh Bình Định

Enregistré dans:
Détails bibliographiques
Format: Livre
Langue:Vietnamese
Publié: H. Lao động 2011
Collection:ĐTTS ghi: Hội văn nghệ dân gian Việt Nam
Tags: Ajouter un tag
Pas de tags, Soyez le premier à ajouter un tag!
Thư viện lưu trữ: Mạng thư viện Đại học Đà Nẵng
LEADER 00944nam a2200265 4500
001 000016067
003 12457
005 20120718140729.0
008 120718s2011 viesd
041 0 |a vie 
082 |a 392.59754 
245 0 |a Nếp sống cổ truyền người Chăm  |b Huyện Văn Canh Tỉnh Bình Định  |c Nguyễn Xuân Nhân; Đoàn Văn Téo 
260 |a H.  |b Lao động  |c 2011 
300 |a 264 tr.  |c 21 cm. 
490 |a ĐTTS ghi: Hội văn nghệ dân gian Việt Nam 
OWN |a LSP 
AVA |a UDN50  |b LSP  |d 392.59754  |e available  |t Error 5001 Not defined in file expand_doc_bib_avail.  |f 1  |g 0  |h N  |i 0  |k 1 
999 |a From the UDN01 
AVA |a UDN50  |b LSP  |d 392.59754  |e available  |t Error 5001 Not defined in file expand_doc_bib_avail.  |f 1  |g 0  |h N  |i 0  |k 1 
TYP |a Monograph 
TYP |a Printed language 
980 |a Mạng thư viện Đại học Đà Nẵng